000 00286nam a22001337a 4500
008 170213b xxu||||| |||| 00| 0 eng d
020 _a9780766805187
041 _aeng
080 _a61
100 _a4
101 _aSHM
245 _aETHICS HEALYH CARE
_cRAYMOND EDGE
942 _2udc
_cBK
999 _c5230
_d5230